| 000 | 01156nam a2200265Ia 4500 | ||
|---|---|---|---|
| 001 | 10624 | ||
| 003 | GE_BSU | ||
| 008 | 181216s||||||||xx |||||||||||||| ||und|| | ||
| 020 | _a9789941911347 | ||
| 040 | _cGE_BSU | ||
| 080 | _a821.353.1(092 ჯავახიშვილი,მ)+821.353.1.94 | ||
| 100 | _aჯავახიშვილი,რუსუდან | ||
| 245 | _aმიხეილ ჯავახიშვილი | ||
| 245 | _bმოგონებები | ||
| 245 | _cრედ:ლელა წიქარიშვილი; წიგნზე მუშაობდნენ:ლია სულაქველიძე, ეკა წიქარიშვილი. | ||
| 260 | _aთბილისი | ||
| 260 | _bპეგასი | ||
| 260 | _c2010 | ||
| 300 | _a192გვ;19სმ. | ||
| 300 | _bფოტ. | ||
| 520 | _a(ილუსტრირებული ბიოგრაფიები; 4/სერიის გამომც.ლაშა ბაქრაძე) | ||
| 541 | _h5ლ.60თ. | ||
| 653 | _aმიხეილ ჯავახიშვილი:[მოგონებები] | ||
| 942 | _cBK | ||
| 999 |
_c43875 _d43875 |
||